Teaching of physical sciences : (Record no. 128991)

MARC details
000 -LEADER
fixed length control field 00799nam a22002537a 4500
003 - CONTROL NUMBER IDENTIFIER
control field dpl
005 - DATE AND TIME OF LATEST TRANSACTION
control field 20180626133532.0
008 - FIXED-LENGTH DATA ELEMENTS--GENERAL INFORMATION
fixed length control field 180626b xxu||||| |||| 00| 0 eng d
010 ## - LIBRARY OF CONGRESS CONTROL NUMBER
LC control number B-126817
020 ## - INTERNATIONAL STANDARD BOOK NUMBER
Terms of availability 150.00
International Standard Book Number 8170632668
035 ## - SYSTEM CONTROL NUMBER
System control number B-126817, B-126821
037 ## - SOURCE OF ACQUISITION
Source of stock number/acquisition Cen Lib/Ret
040 ## - CATALOGING SOURCE
Original cataloging agency DPL
Language of cataloging EN
Transcribing agency 0
082 ## - DEWEY DECIMAL CLASSIFICATION NUMBER
Classification number 796.03
Item number MAN
100 ## - MAIN ENTRY--PERSONAL NAME
Personal name Mangal, S.K.
9 (RLIN) 25043
245 ## - TITLE STATEMENT
Title Teaching of physical sciences :
Statement of responsibility, etc by S.K.Mangal
Remainder of title Contents and pedagogy /
260 ## - PUBLICATION, DISTRIBUTION, ETC. (IMPRINT)
Place of publication, distribution, etc New Delhi
Name of publisher, distributor, etc Arya Book Depot
Date of publication, distribution, etc 2005
270 ## - ADDRESS
Address 30,Naiwala Krol Bagh
City New Delhi
Postal code 110005
300 ## - PHYSICAL DESCRIPTION
Extent 358p.
Dimensions 24cm(Hb)
500 ## - GENERAL NOTE
General note Includes bibliographical reference
650 ## - SUBJECT ADDED ENTRY--TOPICAL TERM
Topical term or geographic name as entry element Physical Science
9 (RLIN) 25044
650 ## - SUBJECT ADDED ENTRY--TOPICAL TERM
Topical term or geographic name as entry element Physical--Study and teaching
9 (RLIN) 25045
942 ## - ADDED ENTRY ELEMENTS (KOHA)
Source of classification or shelving scheme Dewey Decimal Classification
Koha item type English Books
Classification part 796.03
Call number suffix MAN
Holdings
Withdrawn status Lost status Damaged status Not for loan Home library Current library Date acquired Source of acquisition Cost, normal purchase price Total Checkouts Full call number Barcode Date last seen Copy number Cost, replacement price Price effective from Koha item type Source of classification or shelving scheme Collection code Date checked out
        Central Library Central Library 04/07/2015 Cen Lib/Ret 150.00   796.03 MAN B-126817 04/07/2015 1 150.00 04/07/2015 English Books      
        Sarojini Nagar Sarojini Nagar 09/03/2019       796.03 MAN B-083343 09/03/2019     09/03/2019 English Books Dewey Decimal Classification Non-fiction  
        Sarojini Nagar Sarojini Nagar 10/05/2019       796.03 MAN B-086636 10/05/2019     10/05/2019 English Books Dewey Decimal Classification Non-fiction  
        Sarojini Nagar Sarojini Nagar 10/05/2019     1 796.03 MAN B-126819 23/07/2021     10/05/2019 English Books Dewey Decimal Classification Non-fiction 05/07/2021
        Shahdara Branch Shahdara Branch 26/06/2018 BPPD/PUB 150.00   796.03 MAN B-126821 26/06/2018   150.00 26/06/2018 English Books Dewey Decimal Classification Non-fiction  

© Delhi Public Library
Hit Counter
free hit counter